<?xml version="1.0" encoding="UTF-8"?>
<collection xmlns="http://www.loc.gov/MARC21/slim">
  <record>
    <leader>00000nam  2200000   4500</leader>
    <controlfield tag="001">INLIS000000000015907</controlfield>
    <controlfield tag="005">20230929105501</controlfield>
    <datafield tag="035" ind1="#" ind2="#">
      <subfield code="a">0010-0923000148</subfield>
    </datafield>
    <controlfield tag="007">ta</controlfield>
    <controlfield tag="008">230929################|##########|#|##</controlfield>
    <datafield tag="084" ind1="#" ind2="#">
      <subfield code="a">R 127 PIM I 2022</subfield>
    </datafield>
    <datafield tag="100" ind1=" " ind2="#">
      <subfield code="a">Faisal Arif Nasution</subfield>
    </datafield>
    <datafield tag="245" ind1="1" ind2="#">
      <subfield code="a">Strategi Peningkatan Investasi Potensial (Model Peningkatan Investasi Provinsi Sumatera Utara) /</subfield>
      <subfield code="c">Faisal Arif Nasution</subfield>
    </datafield>
    <datafield tag="250" ind1="#" ind2="#">
      <subfield code="a">1</subfield>
    </datafield>
    <datafield tag="260" ind1="#" ind2="#">
      <subfield code="a">Jakarta :</subfield>
      <subfield code="b">Pusbangkom Pimnas dan Manajerial ASN,</subfield>
      <subfield code="c">2022</subfield>
    </datafield>
    <datafield tag="300" ind1="#" ind2="#">
      <subfield code=":"/>
      <subfield code="b">ilus ;</subfield>
      <subfield code="c">30 cm</subfield>
    </datafield>
    <datafield tag="650" ind1="#" ind2="4">
      <subfield code="a">Investasi</subfield>
    </datafield>
    <datafield tag="520" ind1="#" ind2="#">
      <subfield code="a">Belum adanya Peraturan Daerah yang mengatur percepatan investasi di Sumatera Utara menyebabkan calon investor belum yakin menanamkan modalnya pada kawasan investasi potensial di Sumatera Utara. &#13;
&#13;
Oleh karenanya diperlukan Peraturan Daerah tentang insentif daerah dan kemudahan yang di dapat para calon investor yang ingin berinvenstasi di Provinsi Sumatera Utara, diharapkan setelah adanya Peraturan Daerah tersebut dapat menarik minat investor yang ingin berinvestasi di Sumatera Utara sehingga dapat mempercepat proses investasi yang dapat mempengaruhi langsung peningkatan perekonomian Provinsi Sumatera Utara.</subfield>
    </datafield>
    <datafield tag="990" ind1="#" ind2="#">
      <subfield code="a">127</subfield>
    </datafield>
  </record>
</collection>
